000 00771nam a22001937a 4500
005 20251108164143.0
008 250721s1996 xx 000 0 ara d
082 1 4 _a218,61/جند
100 1 _aالجندي، أنور
245 1 0 _aأصالة الفكر الإسلامي في مواجهة التغريب و العلمانية و التنويرالغربي :
_bقضايا الأدب و الفن : الكشف عن سموم التغريب و الغزو الفكري /
264 1 _aالقاهرة :
_bدار الفضيلة،
_c1996.
300 _a479ص
650 1 7 _aالإسلام
650 1 7 _aدفع المطاعن عن الإسلام
650 1 7 _aالإستشراق و المستشرقون
650 1 7 _aالعلمانية
942 _2ddc
_cBK
999 _c4991
_d4991